000 00347nam a2200133Ia 4500
005 20260328104334.0
008 260328s9999||||xx |||||||||||||| ||und||
100 _aAsensio Cerver, Francisco
245 0 _aNueva Arquitectura Residencial /
_cFrancisco Asensio Cerver
260 _bS.L
300 _a188 p.
650 _aRESIDENCIAS
942 _cBK
999 _c11827
_d11827